00465nam a2200157Ia 4500008004100000020001400041082001500055100002000070245004800090250000700138260004500145300002700190500001900217600002100236650005000257240925s9999 xx 000 0 und d a130824305 a005.74 MCG aMcguff, Francis 0aDeveloping Analytical Database Applications aNA aNew Jersey:bPrintice- Hall Int.c,1999. axv,556p.bNAfOriginal aIncludes Index aComputer Science aComputer science, information & general works